000 00608nam a2200193Ia 4500
003 OSt
005 20260518152153.0
008 210210b1955 xxu||||| |||| 00| 0 eng d
040 _cAL
041 _aKannada
082 _a856/169
100 _aDSOUZA VICTOR (S)
_9159796
_dಡಿಸೋಜಾ ವಿಕ್ಟರ್ ಎಸ್
245 _aBharatadalli jati paddhati
_bಭಾರತದಲ್ಲಿ ಜಾತಿ ಪದ್ಧತಿ
260 _aDharavada
_bKarnataka Vishvavidyanilalya
_c1955
650 _aDisoja
_9264076
690 _aKannada Miscellaneous
_9159797
906 _a020409
942 _2ddc
_cBK
999 _c144558
_d144558